| 000 | 00781cam a22002055a 4500 | ||
|---|---|---|---|
| 001 | L141168 | ||
| 008 | 071031s1876 xxk eng u | ||
| 035 | _a(Sirsi) u141168 | ||
| 041 | 0 | _aeng | |
| 100 | 1 | _aDonaldson, S. | |
| 245 | 0 | 0 | _aParticulars etc. of the freehold residence situate and being no. 9 Denmark Street, Soho, W.C....which will be sold by auction by Mr S. Donaldson at the Mart, Tokenhouse Yard, Lothbury, on Wednesday June the 7th 1876... |
| 260 |
_aS.l. _bs.n. _c[1876] |
||
| 300 |
_a2 leaves _c43 x 27 cm., folded to 27 x 21 cm. |
||
| 340 | _aPrinted | ||
| 351 | _cSingle item | ||
| 500 | _aItem annotated in ink and pencil. | ||
| 651 | 4 | _aLondon | |
| 690 | _aPROPERTY-PROPERTY ACQUISITION AND DISPOSAL-ACQUISITION AND DISPOSAL AT AUCTION | ||
| 942 | _n0 | ||
| 999 |
_c116639 _d116639 |
||